000
00299nam a22001337a 4500
008
170615b xxu||||| |||| 00| 0 eng d
020
_a
9781608712755
041
_a
eng
080
_a
32
100
_a
19
101
_a
SHP
245
_a
THE LOGIC OF AMERICAN POLITICS
_c
KERNELL, S
942
_2
udc
_c
BK
999
_c
17455
_d
17455